000 00713nam a2200241 i 4500
001 172666
003 ES-MaACL
005 20250710062734.0
007 t|
008 090812s1999 fr ||||1| fre d
020 _a2-13-050073-0
080 _a792.5(091)
100 1 _aRouchouse, Jacques.
_9100005
245 1 2 _aL'opérette /
_cJacques Rouchouse.
250 _a1re éd.
260 _aParis :
_bPresses Universitaires de France,
_c1999.
300 _a126 p. ;
_c18 cm.
490 1 _aQue sais-je? ;
_v1006
650 0 4 _aOpereta-
_xHistoria.
_915718
830 0 0 _aQue sais-je?
_v1006
_9180931
852 4 _aES-MaACL
_jE-12959
_9R.139172
_z. - Biblioteca Jacinto Martínez Lacalle
999 _c172666
_d172666